000 nam a22 7a 4500
999 _c129177
_d129177
008 190312b xxu||||| |||| 00| 0 eng d
050 _aB785.S85 H481
100 _aHellin, Jose
_945136
245 _aSuarez' teaching on "real being" and "the possibles"
_cJose Hellin
260 _c1961
300 _a30p. ;
_c27cm.
500 _aStencilled
600 _aSuarez, Francisco
_932942
942 _2lcc
_cMONOGRAPH